| 000 | 00693nam a22002177a 4500 | ||
|---|---|---|---|
| 005 | 20140310183631.0 | ||
| 008 | 131118b xxu||||| |||| 00| 0 eng d | ||
| 020 | _a9780071788618 | ||
| 050 |
_aPC 4099 _b.F245 2012 |
||
| 100 | _aFarrell, Edith R. | ||
| 245 |
_aSide by side. Spanish & English grammar / _cEdith R Farrell, C Frederick Farrell. |
||
| 250 | _a3rd ed. | ||
| 260 |
_aNew York : _bMcGraw-Hill, _c2012. |
||
| 300 |
_avii, _b184 p. ; _c28 cm. |
||
| 521 | _aTOU | ||
| 650 |
_aSpanish language _vGrammar, Comparative _xEnglish. |
||
| 650 |
_aEnglish language _vGrammar, Comparative _xSpanish. |
||
| 700 | _aFarrell, Frederick Jr. | ||
| 942 |
_2lcc _cBK _kFOR |
||
| 999 |
_c25606 _d25606 |
||